| Поле | Название | Значение |
| |
Тип записи |
a |
| |
Библиографический уровень |
m |
| 001 |
Контрольный номер |
RuMoRGB-006755507 |
| 005 |
Дата корректировки |
20240410121219.9 |
| 010 |
Индекс ISBN |
__ |
| a |
ISBN |
978-5-373-05986-2 (в пер.) |
| d |
Цена |
174-13 |
| 021 |
№ государственной регистрации |
__ |
| b |
№ документа |
14-13061 |
| 100 |
Данные общей обработки |
__ |
| a |
Данные общей обработки |
19140227d2014||||||| 1rusy0189 ca |
| 101 |
Язык документа |
0_ |
| a |
Язык текста |
rus |
| 102 |
Страна публикации |
__ |
| a |
Страна публикации |
ru| |
| 105 |
Кодированные данные (монография) |
__ |
| a |
Кодированные данные (монография) |
ao||||||000zy |
| 200 |
Заглавие и сведения об ответственности |
1_ |
| a |
Заглавие |
Герои первобытного времени |
| e |
Сведения, относящиеся к заглавию |
[книга о самых первых людях и о самом начале нашей истории : для детей среднего школьного возраста : 6+] |
| f |
Первые сведения об ответственности |
Маргарита Альбедиль ; рисунки Андрея Селиванова |
| b |
Общее обозначение материала |
Текст |
| 210 |
Выходные данные |
__ |
| a |
Место издания |
Москва |
| c |
Издательство |
ОЛМА Медиа Групп |
| d |
Дата издания |
2014 |
| 215 |
Физическое описание |
__ |
| a |
Объем |
127 с. |
| c |
Иллюстрации/тип воспроизводства |
фот., цв. ил. |
| d |
Формат |
26 см |
| 225 |
Серия |
__ |
| a |
Серия |
Занимательная наука |
| 300 |
Общие примечания |
__ |
| a |
Общие примечания |
6000 экз. |
| 330 |
Аннотация |
__ |
| a |
Аннотация |
Эта книга посвящена самым первым людям, самому началу истории человечества. Нам, живущим сегодня, трудно себе представить, как люди жили в пещерах, как разводили огонь без спичек, как добывали пищу без полей и огородов, во что одевались, когда не было тканей, как охотились без ружей и готовили без посуды. Но самое интересное - как наши предки научились всему этому, причем в очень короткие сроки. Ведь недаром говорят, что в каменном веке человечество сделало едва ли не больше открытий, чем во все последующие эпохи. |
| 333 |
Примечание о целевом назначении |
__ |
| a |
Примечание о целевом назначении |
6+. Для детей старше шести лет |
| 606 |
Тематические рубрики |
__ |
| a |
Основная рубрика |
История |
| 606 |
Тематические рубрики |
__ |
| a |
Основная рубрика |
Первобытное общество |
| 610 |
Ключевые слова |
__ |
| a |
Ключевые слова |
детская литература |
| a |
Ключевые слова |
древний мир |
| a |
Ключевые слова |
исторические факты |
| a |
Ключевые слова |
образ жизни |
| a |
Ключевые слова |
орудия |
| a |
Ключевые слова |
первобытные люди |
| a |
Ключевые слова |
первобытный человек |
| a |
Ключевые слова |
познавательная литература |
| a |
Ключевые слова |
происхождение жизни |
| a |
Ключевые слова |
происхождение человека |
| 686 |
Индексы других классификаций |
__ |
| 2 |
Код системы |
rubbks |
| a |
Классификационный индекс |
ст63.3(0)2 |
| 700 |
Автор |
_1 |
| a |
Фамилия |
Альбедиль |
| b |
Имя |
М. Ф. |
| g |
Полное личное имя |
Маргарита Федоровна |
| 4 |
Код отношения |
070 |
| 702 |
Вторичная интеллектуальная ответственность |
_1 |
| a |
Фамилия |
Селиванов |
| b |
Имя |
А. Л. |
| 4 |
Код отношения |
Художник |
| 4 |
Код отношения |
040 |
| 801 |
Источник записи |
_0 |
| a |
Страна |
ru |
| b |
Организация |
Муниципальное бюджетное учреждение культуры "Централизованная библиотечная система" г. Сургут (Центральная городская библиотека им. А. С. Пушкина) |
| c |
Дата составления |
20140227 |
| g |
Правила каталогизации |
КиК/Лукашук |
| 801 |
Источник записи |
_1 |
| a |
Страна |
ru |
| b |
Организация |
Муниципальное бюджетное учреждение культуры "Централизованная библиотечная система" г. Сургут (Центральная городская библиотека им. А. С. Пушкина) |
| c |
Дата составления |
20140227 |
| g |
Правила каталогизации |
КиК/Лукашук |
| 852 |
Данные о местонахождении |
__ |
| j |
Шифр хранения |
ст63.3(0)2 |
| i |
Авторский знак |
А 56 |
| 901 |
Тип документа |
__ |
| t |
Тип документа |
m |
| 903 |
Характеристики (МАРС) |
__ |
| a |
Дата передачи |
20150305 |
| 969 |
Тип издания |
__ |
| a |
Тип издания |
научно-популярное издание; издание для детей |
| 990 |
Данные о заказе (DOS) |
__ |
| j |
Количество экземпляров (DOS) |
13 |
| t |
N записи в КСУ для И/У (DOS) |
201503 |